[Event "80th NED-ch"]
[Site "Venlo NED"]
[Date "2025.07.08"]
[Round "1.4"]
[White "De Boer, Eelke"]
[Black "Beerdsen, Thomas"]
[Result "1/2-1/2"]
[WhiteElo "2409"]
[BlackElo "2538"]
[EventDate "2025.07.05"]
[PlyCount "118"]

1.d4 Nf6 2.c4 g6 3.Nc3 d5 4.Nf3 Bg7 5.Qb3 dxc4 6.Qxc4 Be6 7.Qa4+ Bd7 8.Qa3
Bc6 9.e3 Nbd7 10.Be2 O-O 11.O-O e6 12.b4 Nd5 13.b5 Nxc3 14.Qxc3 Bd5 15.Rd1
c5 16.bxc6 bxc6 17.Ba3 c5 18.Qc2 Qa5 19.Bb2 Rfc8 20.Qd3 Rab8 21.Rd2 Bxf3 
22.Bxf3 cxd4 23.exd4 Nb6 24.Re2 Nd5 25.g3 Nb4 26.Qe4 Rd8 27.Bc3 Qa3 28.Bb2
Qa5 29.a3 Nd5 30.Rc1 Qa4 31.Rec2 h5 32.h4 Qa6 33.Be2 Qb7 34.Ba1 Nc3 35.Qd3
Nxe2+ 36.Rxe2 Rd7 37.Rec2 Rbd8 38.Qe2 Qd5 39.Rc5 Qb3 40.R5c3 Qd5 41.Rd3 
Qb5 42.Qd2 Qa4 43.Kg2 Qb5 44.Bc3 Rc8 45.Rd1 Rd5 46.Bb4 Rcd8 47.Be7 R8d7 
48.Bg5 Rxd4 49.Rxd4 Rxd4 50.Qxd4 Bxd4 51.Rxd4 Kg7 52.Rf4 e5 53.Bf6+ Kg8 
54.Rf3 Qd5 55.Bg5 a6 56.Bf6 Kh7 57.Bg5 Kg8 58.Bc1 Kh7 59.Bb2 Kg8 1/2-1/2

[Event "80th NED-ch"]
[Site "Venlo NED"]
[Date "2025.07.07"]
[Round "2.1"]
[White "l`Ami, Erwin"]
[Black "De Winter, Arthur"]
[Result "1-0"]
[WhiteElo "2618"]
[BlackElo "2460"]
[EventDate "2025.07.05"]
[PlyCount "109"]

1.e4 e5 2.Nf3 Nc6 3.Bb5 a6 4.Ba4 Nf6 5.O-O Nxe4 6.d4 Be7 7.Re1 b5 8.Bb3 d5
9.dxe5 Be6 10.c3 O-O 11.Nbd2 Nc5 12.Nd4 Nxd4 13.cxd4 Nd3 14.Re3 Nxc1 15.
Rxc1 a5 16.Nf3 a4 17.Bc2 g6 18.Rc3 a3 19.bxa3 Bxa3 20.Rb1 Be7 21.Bb3 Bf5 
22.Rb2 Qd7 23.h3 Rfc8 24.Re2 Kg7 25.Ne1 c5 26.dxc5 d4 27.c6 Qd8 28.Rf3 
Rxc6 29.Rxf5 gxf5 30.Nd3 Rac8 31.Re1 Qd7 32.Qe2 Rc4 33.Qh5 R8c6 34.Rd1 Bd8
35.Qf3 Bc7 36.g3 Rh6 37.h4 Rg6 38.Re1 Rc3 39.Qe2 Qc6 40.Kh2 Qe4 41.Nf4 
Qxe2 42.Rxe2 Rg4 43.Nd5 Rc5 44.f4 Ba5 45.Ne7 Kf8 46.Nxf5 d3 47.Re4 d2 48.
Rd4 Ke8 49.h5 Bc3 50.Rd3 Bxe5 51.Kh3 Rg8 52.fxe5 Rxe5 53.g4 Re2 54.Bd5 Kf8
55.Bc6 1-0

[Event "80th NED-ch"]
[Site "Venlo NED"]
[Date "2025.07.08"]
[Round "2.2"]
[White "De Winter, Arthur"]
[Black "l`Ami, Erwin"]
[Result "1-0"]
[WhiteElo "2460"]
[BlackElo "2618"]
[EventDate "2025.07.05"]
[PlyCount "73"]

1.e4 e5 2.Nf3 Nc6 3.Bc4 Bc5 4.c3 Nf6 5.d3 d6 6.Bg5 h6 7.Bh4 a6 8.Nbd2 Ba7 
9.O-O g5 10.Bg3 Bg4 11.b4 Nh5 12.Kh1 Qf6 13.a4 Ne7 14.h3 Bd7 15.d4 Nf4 16.
Re1 Neg6 17.Nf1 Rd8 18.Ne3 Kf8 19.b5 a5 20.Ra2 Kg7 21.Rd2 exd4 22.Nxd4 
Rhe8 23.f3 Bc5 24.Ba2 Kh7 25.Bf2 Ne5 26.Qc2 Qg6 27.Rdd1 Bxh3 28.gxh3 Qh5 
29.Bg3 Bxd4 30.cxd4 Nxf3 31.e5+ Kh8 32.Qf5 Nxe1 33.Rxe1 d5 34.Qf6+ Kg8 35.
Bxf4 gxf4 36.Nf5 Qxh3+ 37.Kg1 1-0

[Event "80th NED-ch"]
[Site "Venlo NED"]
[Date "2025.07.08"]
[Round "2.3"]
[White "l`Ami, Erwin"]
[Black "De Winter, Arthur"]
[Result "1-0"]
[WhiteElo "2618"]
[BlackElo "2460"]
[EventDate "2025.07.05"]
[PlyCount "118"]

1.d4 d5 2.c4 e6 3.Nf3 Nf6 4.Nc3 dxc4 5.e4 b5 6.e5 Nd5 7.Nxb5 Nb6 8.Be2 Nc6
9.O-O Be7 10.Be3 O-O 11.Nc3 Bb7 12.Na4 Nxa4 13.Qxa4 Nb4 14.a3 Nd5 15.Qxc4 
a5 16.Qc2 Nxe3 17.fxe3 Rc8 18.Bd3 g6 19.Be4 Bxe4 20.Qxe4 c5 21.Rad1 cxd4 
22.exd4 Qb6 23.Rf2 Rfd8 24.h4 h5 25.Kh2 Rd7 26.Rdf1 Rc4 27.g3 Qc6 28.Qf4 
Rc2 29.Kg2 Rxf2+ 30.Rxf2 a4 31.Kh2 Rb7 32.Nd2 Bd8 33.Ne4 Qd5 34.Nd6 Rd7 
35.Nxf7 Qxd4 36.Qxd4 Rxd4 37.Nxd8 Rxd8 38.Rf6 Rd2+ 39.Kh3 Kg7 40.Rxe6 Rxb2
41.Ra6 Re2 42.Rxa4 Rxe5 43.Kg2 Re2+ 44.Kf3 Ra2 45.Ra8 Kh6 46.a4 Ra1 47.a5 
Ra4 48.Ke3 Ra3+ 49.Kf4 Ra4+ 50.Ke5 Ra3 51.a6 Kh7 52.Kd6 Rxg3 53.Rc8 Ra3 
54.Rc7+ Kh6 55.a7 g5 56.hxg5+ Kxg5 57.Kc5 h4 58.Kb4 Rxa7 59.Rxa7 h3 1-0

[Event "80th NED-ch"]
[Site "Venlo NED"]
[Date "2025.07.08"]
[Round "2.4"]
[White "De Winter, Arthur"]
[Black "l`Ami, Erwin"]
[Result "1-0"]
[WhiteElo "2460"]
[BlackElo "2618"]
[EventDate "2025.07.05"]
[PlyCount "85"]

1.e4 c6 2.d4 d5 3.e5 Bf5 4.Nf3 e6 5.Be2 Ne7 6.O-O Nc8 7.Nbd2 Be7 8.Re1 O-O
9.Nf1 c5 10.Ng3 Bg6 11.c3 cxd4 12.cxd4 Nc6 13.Bd2 Nb6 14.Bc3 a5 15.Bd3 a4 
16.a3 Na5 17.Rc1 Nb3 18.Rc2 Rc8 19.Ne2 Nc4 20.Nf4 b5 21.Nxg6 fxg6 22.g3 
Qb6 23.h4 b4 24.axb4 Bxb4 25.h5 Bxc3 26.bxc3 Qd8 27.hxg6 h6 28.Ra2 Ra8 29.
Nh4 Qg5 30.Bxc4 dxc4 31.d5 Nc5 32.dxe6 Nd3 33.Rf1 a3 34.Qe2 Ra5 35.Qe4 
Nxe5 36.Rfa1 Ra6 37.Rxa3 Rxa3 38.Rxa3 Qc1+ 39.Kg2 Nd3 40.Ra2 Ne1+ 41.Kh3 
Nd3 42.e7 Qf1+ 43.Kh2 1-0

[Event "80th NED-ch"]
[Site "Venlo NED"]
[Date "2025.07.08"]
[Round "2.5"]
[White "De Winter, Arthur"]
[Black "l`Ami, Erwin"]
[Result "0-1"]
[WhiteElo "2460"]
[BlackElo "2618"]
[EventDate "2025.07.05"]
[PlyCount "50"]

1.e4 c6 2.d4 d5 3.exd5 cxd5 4.c4 Nf6 5.Nc3 Nc6 6.Nf3 Bg4 7.cxd5 Nxd5 8.Qb3
Nb6 9.d5 Bxf3 10.gxf3 Ne5 11.Be2 g6 12.a4 Bg7 13.a5 Nc8 14.h4 Nd6 15.Qa4+ 
Qd7 16.Be3 O-O 17.Qxd7 Nxd7 18.Ra4 Rfc8 19.h5 Ne5 20.hxg6 hxg6 21.O-O Nec4
22.Bxc4 Rxc4 23.Re1 Bxc3 24.Rxc4 Bxe1 25.Rc7 Kf8 0-1

[Event "80th NED-ch"]
[Site "Venlo NED"]
[Date "2025.07.08"]
[Round "2.6"]
[White "l`Ami, Erwin"]
[Black "De Winter, Arthur"]
[Result "0-1"]
[WhiteElo "2618"]
[BlackElo "2460"]
[EventDate "2025.07.05"]
[PlyCount "86"]

1.d4 e6 2.Nf3 Nf6 3.c4 h6 4.Nc3 Bb4 5.e3 b6 6.Bd3 Bb7 7.O-O O-O 8.Bd2 d6 
9.a3 Bxc3 10.Bxc3 Nbd7 11.Nd2 Re8 12.e4 e5 13.Re1 Nf8 14.f3 Ne6 15.Nb3 Nf4
16.Bf1 Qe7 17.c5 bxc5 18.dxe5 dxe5 19.Na5 c6 20.Nc4 Rad8 21.Qa4 N6h5 22.
Bxe5 Qg5 23.Bxf4 Nxf4 24.Kh1 h5 25.Rad1 h4 26.Nd6 Re7 27.Nf5 Red7 28.Rxd7 
Rxd7 29.Qxa7 g6 30.Ne3 h3 31.g3 Nd3 32.Bxd3 Rxd3 33.Qb8+ Kg7 34.Ng4 Rxf3 
35.Qe5+ Qxe5 36.Nxe5 Rf2 37.Nd3 Rc2 38.Rc1 Rd2 39.Nxc5 Bc8 40.Kg1 Rg2+ 41.
Kh1 Rxb2 42.a4 Bg4 43.Rf1 Bf3+ 0-1

[Event "80th NED-ch"]
[Site "Venlo NED"]
[Date "2025.07.08"]
[Round "2.7"]
[White "l`Ami, Erwin"]
[Black "De Winter, Arthur"]
[Result "0-1"]
[WhiteElo "2618"]
[BlackElo "2460"]
[EventDate "2025.07.05"]
[PlyCount "86"]

1.d4 d5 2.c4 dxc4 3.Nf3 Nf6 4.e3 e6 5.Bxc4 c5 6.O-O a6 7.dxc5 Bxc5 8.Qxd8+
Kxd8 9.Be2 Ke7 10.Rd1 Rd8 11.Rxd8 Kxd8 12.b3 b6 13.Bb2 Bb7 14.Ne5 Ke7 15.
Nd2 Nbd7 16.Nxd7 Nxd7 17.Bf3 Bxf3 18.Nxf3 f6 19.Kf1 e5 20.Ke2 a5 21.Nd2 a4
22.Bc3 axb3 23.axb3 Rxa1 24.Bxa1 Ke6 25.Bc3 b5 26.Ne4 Be7 27.g4 Kd5 28.f3 
Nf8 29.h4 g6 30.Nd2 f5 31.g5 e4 32.f4 Ne6 33.Nf1 Ba3 34.h5 Nc5 35.Ng3 Ke6 
36.Kd2 Nxb3+ 37.Kc2 Nc5 38.Bd4 Nd3 39.h6 Bc5 40.Bxc5 Nxc5 41.Nh5 Nd7 42.
Ng7+ Kf7 43.Kc3 Nb6 0-1

[Event "80th NED-ch"]
[Site "Venlo NED"]
[Date "2025.07.07"]
[Round "2.1"]
[White "Beerdsen, Thomas"]
[Black "Van Foreest, Jorden"]
[Result "1/2-1/2"]
[WhiteElo "2538"]
[BlackElo "2687"]
[EventDate "2025.07.05"]
[PlyCount "65"]

1.d4 Nf6 2.c4 e6 3.Nc3 d5 4.cxd5 exd5 5.Bg5 Be7 6.e3 c6 7.Bd3 Nbd7 8.Nf3 
Nh5 9.Bxe7 Qxe7 10.O-O O-O 11.Qb1 Nhf6 12.b4 a5 13.b5 c5 14.dxc5 Nxc5 15.
Rd1 Bg4 16.Nxd5 Nxd5 17.Bxh7+ Kh8 18.Rxd5 Rad8 19.Rxd8 Rxd8 20.Nd4 g6 21.
Bxg6 fxg6 22.Qxg6 Qg7 23.Qb6 Ne6 24.Rc1 Bh3 25.g3 Qd7 26.f3 Rf8 27.g4 Nxd4
28.Qh6+ Kg8 29.Qg5+ Qg7 30.Qd5+ Qf7 31.Qg5+ Qg7 32.Qd5+ Qf7 33.Qg5+ 
1/2-1/2

[Event "80th NED-ch"]
[Site "Venlo NED"]
[Date "2025.07.08"]
[Round "2.2"]
[White "Van Foreest, Jorden"]
[Black "Beerdsen, Thomas"]
[Result "1/2-1/2"]
[WhiteElo "2687"]
[BlackElo "2538"]
[EventDate "2025.07.05"]
[PlyCount "101"]

1.Nf3 Nf6 2.c4 c5 3.g3 Nc6 4.Bg2 d5 5.cxd5 Nxd5 6.d4 cxd4 7.Nxd4 Ndb4 8.
Nxc6 Nxc6 9.Qxd8+ Nxd8 10.Nc3 Bd7 11.Be3 e6 12.O-O Bb4 13.Ne4 Bb5 14.a3 
Be7 15.Nc3 Bc6 16.Rfd1 a6 17.Rac1 Bxg2 18.Kxg2 Rc8 19.Bb6 Rc6 20.Bxd8 Bxd8
21.Ne4 Rxc1 22.Rxc1 b6 23.Rc8 Kd7 24.Ra8 a5 25.b4 Kc6 26.Rc8+ Kd7 27.Rc2 
axb4 28.axb4 Be7 29.b5 Ra8 30.Rc6 Ra4 31.Nd2 Bc5 32.Nb3 Rc4 33.e3 Rc2 34.
g4 h6 35.h4 Rb2 36.Nxc5+ bxc5 37.Rxc5 Kd6 38.Rc6+ Kd7 39.Rb6 Kc7 40.Ra6 
Rxb5 41.Ra7+ Rb7 42.Ra8 Kd6 43.Rg8 f5 44.g5 hxg5 45.hxg5 e5 46.Rf8 Ke6 47.
Re8+ Re7 48.Rf8 Rf7 49.Re8+ Re7 50.Rf8 Rf7 51.Re8+ 1/2-1/2

[Event "80th NED-ch"]
[Site "Venlo NED"]
[Date "2025.07.08"]
[Round "2.3"]
[White "Van Foreest, Jorden"]
[Black "Beerdsen, Thomas"]
[Result "1-0"]
[WhiteElo "2687"]
[BlackElo "2538"]
[EventDate "2025.07.05"]
[PlyCount "65"]

1.e4 e5 2.Nf3 Nf6 3.Nxe5 d6 4.Nd3 Nxe4 5.Qe2 Qe7 6.Nf4 c6 7.c4 Bf5 8.f3 
Nf6 9.g4 Bc8 10.d4 g6 11.Nc3 Bg7 12.Qxe7+ Kxe7 13.Kf2 h5 14.g5 Nh7 15.Nfe2
Be6 16.b3 Na6 17.Be3 f6 18.gxf6+ Nxf6 19.Nf4 Bf5 20.Rg1 Kf7 21.Bh3 Bh6 22.
Bxf5 gxf5 23.Nh3 Bxe3+ 24.Kxe3 Rae8+ 25.Kd2 Rhg8 26.Ng5+ Kf8 27.h4 Nc7 28.
Ne2 b5 29.Nf4 bxc4 30.bxc4 d5 31.Rac1 Rb8 32.Nd3 Nfe8 33.Nh7+ 1-0

[Event "80th NED-ch"]
[Site "Venlo NED"]
[Date "2025.07.08"]
[Round "2.4"]
[White "Beerdsen, Thomas"]
[Black "Van Foreest, Jorden"]
[Result "0-1"]
[WhiteElo "2538"]
[BlackElo "2687"]
[EventDate "2025.07.05"]
[PlyCount "76"]

1.d4 d5 2.c4 e6 3.Nf3 Nf6 4.Nc3 h6 5.cxd5 exd5 6.Bf4 Bd6 7.Bxd6 Qxd6 8.e3 
c6 9.Bd3 O-O 10.h3 Re8 11.Qc2 a5 12.Ne5 Na6 13.a3 Bd7 14.f4 c5 15.O-O c4 
16.Be2 b5 17.Bf3 Nc7 18.Qf2 b4 19.Ne2 Bf5 20.g4 Ne4 21.Qg2 Bh7 22.axb4 
axb4 23.Rxa8 Rxa8 24.Nxc4 dxc4 25.Bxe4 Bxe4 26.Qxe4 Re8 27.Qf3 Qe6 28.Rc1 
c3 29.bxc3 b3 30.Rb1 Qc4 31.e4 Rb8 32.Rb2 Ra8 33.Qe3 Ra2 34.Qd2 Nb5 35.Kf2
Nd6 36.Kf3 Qa4 37.Nc1 Rxb2 38.Qxb2 Nc4 0-1

[Event "80th NED-ch"]
[Site "Venlo NED"]
[Date "2025.07.07"]
[Round "2.1"]
[White "Bok, Benjamin"]
[Black "Vrolijk, Liam"]
[Result "1/2-1/2"]
[WhiteElo "2582"]
[BlackElo "2509"]
[EventDate "2025.07.05"]
[PlyCount "83"]

1.e4 e5 2.Nf3 Nc6 3.Bc4 Bc5 4.c3 Nf6 5.d3 d6 6.O-O a6 7.a4 O-O 8.h3 h6 9.
Re1 Ba7 10.Nbd2 Re8 11.b4 Be6 12.Bxe6 Rxe6 13.Qc2 Qd7 14.Rb1 Rd8 15.b5 Ne7
16.Nc4 Ng6 17.Be3 Bxe3 18.Nxe3 d5 19.c4 d4 20.Nd5 axb5 21.axb5 c6 22.bxc6 
bxc6 23.Nb6 Qe7 24.g3 Nf8 25.c5 Ne8 26.Ra1 Qf6 27.Kg2 Nc7 28.Ra5 Ree8 29.
Nc4 Nb5 30.Rea1 Nd7 31.Nb6 Qe7 32.Nxd7 Qxd7 33.Qc4 g6 34.Ra6 Kg7 35.Rb6 f5
36.Re1 Re7 37.Qc2 fxe4 38.Rxe4 Qd5 39.Qc4 Nc3 40.Qxd5 Rxd5 41.Re1 Na4 42.
Rxc6 1/2-1/2

[Event "80th NED-ch"]
[Site "Venlo NED"]
[Date "2025.07.08"]
[Round "2.2"]
[White "Vrolijk, Liam"]
[Black "Bok, Benjamin"]
[Result "1/2-1/2"]
[WhiteElo "2509"]
[BlackElo "2582"]
[EventDate "2025.07.05"]
[PlyCount "69"]

1.e4 e5 2.Nf3 Nc6 3.Bc4 Bc5 4.Nc3 Nf6 5.d3 h6 6.Be3 Bb6 7.Qd2 d6 8.a3 Be6 
9.Bxe6 fxe6 10.Bxb6 axb6 11.d4 exd4 12.Nxd4 Qd7 13.O-O-O e5 14.Ndb5 O-O 
15.f3 Nd8 16.Qd3 Ne6 17.Qc4 Kh8 18.Rd2 Rfe8 19.Rhd1 Qc6 20.Qb4 Qc5 21.Qxc5
bxc5 22.Nd5 Rec8 23.Nxf6 gxf6 24.Nc3 Kg7 25.Nd5 Kf7 26.f4 Nxf4 27.Nxf4 
exf4 28.Rf1 Re8 29.Rxf4 Ra4 30.Rdf2 Re6 31.Rh4 Kg6 32.Rg4+ Kf7 33.Rh4 Kg6 
34.Rg4+ Kf7 35.Rh4 1/2-1/2

[Event "80th NED-ch"]
[Site "Venlo NED"]
[Date "2025.07.08"]
[Round "2.3"]
[White "Vrolijk, Liam"]
[Black "Bok, Benjamin"]
[Result "1-0"]
[WhiteElo "2509"]
[BlackElo "2582"]
[EventDate "2025.07.05"]
[PlyCount "77"]

1.e4 e5 2.Nf3 Nc6 3.Bc4 Bc5 4.c3 Nf6 5.d3 O-O 6.O-O h6 7.Re1 d6 8.h3 Bb6 
9.Nbd2 Ne7 10.a4 a5 11.Bb3 c6 12.d4 Ng6 13.Nf1 d5 14.exd5 e4 15.Ne5 cxd5 
16.Nxg6 fxg6 17.Bf4 Be6 18.Be5 Kh7 19.Ne3 Nh5 20.Qe2 Nf4 21.Bxf4 Rxf4 22.
Qb5 Bc7 23.Bxd5 Bd7 24.Qc4 Bd6 25.Bxb7 Rb8 26.Bc6 Bxc6 27.Qxc6 Rxb2 28.Nc4
Rbxf2 29.Qxd6 Qg5 30.Ne3 R4f3 31.Ng4 Rb2 32.gxf3 h5 33.Qg3 Qd2 34.Nf2 e3 
35.Ne4 Qc2 36.Rac1 Qd3 37.Ng5+ Kh6 38.Qf4 Qd2 39.Ne4+ 1-0

[Event "80th NED-ch"]
[Site "Venlo NED"]
[Date "2025.07.08"]
[Round "2.4"]
[White "Bok, Benjamin"]
[Black "Vrolijk, Liam"]
[Result "1/2-1/2"]
[WhiteElo "2582"]
[BlackElo "2509"]
[EventDate "2025.07.05"]
[PlyCount "156"]

1.Nf3 d5 2.b3 c5 3.Bb2 f6 4.Nc3 d4 5.Ne4 e5 6.d3 Nc6 7.g3 Nge7 8.Bg2 Nd5 
9.c4 dxc3 10.Nxc3 Be6 11.O-O Be7 12.Ne4 Rc8 13.Rc1 b6 14.a3 O-O 15.e3 Re8 
16.h4 h6 17.Qc2 f5 18.Ned2 Bf6 19.Nc4 Bf7 20.Rfd1 Qc7 21.Ba1 Rcd8 22.Qb1 
Qe7 23.Ncd2 e4 24.dxe4 fxe4 25.Nh2 Bxa1 26.Qxa1 Nf6 27.Qb2 Ne5 28.Qc2 Nd3 
29.Rb1 Bh5 30.Nxe4 Bxd1 31.Nxf6+ Qxf6 32.Rxd1 Ne5 33.Bd5+ Kh8 34.Kg2 Rd6 
35.e4 Nc6 36.Ng4 Qe7 37.Ne3 Nd4 38.Qd3 Rf8 39.f4 Rdd8 40.b4 Ne6 41.Nf5 Qf6
42.h5 Nc7 43.Nh4 Nxd5 44.exd5 Rfe8 45.bxc5 bxc5 46.d6 Rd7 47.Ng6+ Kg8 48.
Ne5 Rxe5 49.fxe5 Qxe5 50.Qb3+ Kh7 51.Qb1+ Kg8 52.Rd2 Qe6 53.Qd3 c4 54.Qd4 
c3 55.Qxc3 Rxd6 56.Rxd6 Qxd6 57.Qc8+ Kh7 58.Qf5+ Kg8 59.Qc8+ Kh7 60.Qf5+ 
Kg8 61.Qf3 Qd2+ 62.Kh3 Qd7+ 63.g4 Qd4 64.Qb3+ Kh8 65.a4 Kh7 66.Kg3 Kh8 67.
Kf3 a5 68.Qb5 Qd2 69.Qe8+ Kh7 70.Qe4+ Kh8 71.Qc4 Kh7 72.Ke4 Qg5 73.Kd3 
Qd8+ 74.Qd4 Qc7 75.Qe4+ Kh8 76.Qd5 Qg3+ 77.Kc4 Qxg4+ 78.Kb5 Qb4+ 1/2-1/2

[Event "80th NED-ch"]
[Site "Venlo NED"]
[Date "2025.07.07"]
[Round "2.1"]
[White "Van Wely, Loek"]
[Black "Sokolov, Ivan"]
[Result "1-0"]
[WhiteElo "2611"]
[BlackElo "2590"]
[EventDate "2025.07.05"]
[PlyCount "79"]

1.d4 d5 2.c4 c6 3.Nf3 Nf6 4.Nc3 dxc4 5.a4 Bf5 6.e3 e6 7.Bxc4 Bb4 8.O-O O-O
9.Qe2 Bg6 10.Ne5 Nbd7 11.Nxg6 hxg6 12.Rd1 Qc7 13.Bd2 a5 14.Rac1 Rad8 15.g4
Nb6 16.Bb3 e5 17.Nb5 Qb8 18.Bxb4 axb4 19.dxe5 Qxe5 20.Nd4 Nbd5 21.a5 Ne7 
22.Ra1 Ne4 23.Kg2 g5 24.Nf3 Qf6 25.Qc4 Nd6 26.Qxb4 Ng6 27.a6 Nh4+ 28.Nxh4 
gxh4 29.axb7 Nxb7 30.Rxd8 Nxd8 31.Ra8 Ne6 32.Rxf8+ Nxf8 33.Qf4 Qe7 34.h3 
g5 35.Qf3 c5 36.Qd5 Kg7 37.Bc2 Ne6 38.Qe5+ Qf6 39.Qxf6+ Kxf6 40.Bb3 1-0

[Event "80th NED-ch"]
[Site "Venlo NED"]
[Date "2025.07.09"]
[Round "3.1"]
[White "Van Wely, Loek"]
[Black "De Winter, Arthur"]
[Result "1/2-1/2"]
[WhiteElo "2611"]
[BlackElo "2460"]
[EventDate "2025.07.05"]
[PlyCount "137"]

1.c4 e6 2.Nc3 d5 3.d4 Nf6 4.cxd5 exd5 5.Bg5 c6 6.e3 h6 7.Bh4 Be7 8.Bd3 O-O
9.Nge2 Nbd7 10.Qc2 a5 11.h3 b5 12.O-O Re8 13.Bg3 Ba6 14.Rac1 Qb6 15.Rfd1 
Bf8 16.Nf4 Rac8 17.Bh2 g5 18.Nfe2 b4 19.Na4 Bxd3 20.Nxb6 Bxc2 21.Nxd7 Nxd7
22.Rxc2 a4 23.g4 Nb6 24.b3 c5 25.dxc5 axb3 26.axb3 Bxc5 27.Nd4 Bf8 28.Rdc1
Rxc2 29.Rxc2 Rc8 30.Rxc8 Nxc8 31.Kf1 Nb6 32.Ke2 Nd7 33.Bc7 f6 34.Ba5 Kf7 
35.f4 gxf4 36.exf4 Bd6 37.Kf3 Kg6 38.Nc2 h5 39.Nxb4 hxg4+ 40.hxg4 Nc5 41.
Nxd5 Nxb3 42.f5+ Kg5 43.Bc3 Be5 44.Bxe5 fxe5 45.Ke4 Nc5+ 46.Kxe5 Kxg4 47.
Nf6+ Kg5 48.Nh7+ Kh6 49.Nf8 Nb7 50.f6 Nd8 51.Kd6 Kg5 52.Ke7 Kf5 53.Nd7 
Nc6+ 54.Kf7 Kg5 55.Kg7 Nd8 56.Kf8 Nc6 57.Kf7 Kf5 58.Kg7 Nd8 59.Nc5 Kg5 60.
Nd7 Kf5 61.Nf8 Kg5 62.Nh7+ Kf5 63.Kf8 Kg6 64.Ke8 Nf7 65.Ke7 Nh6 66.Nf8+ 
Kf5 67.Nd7 Ng8+ 68.Kf7 Nxf6 69.Nxf6 1/2-1/2

[Event "80th NED-ch"]
[Site "Venlo NED"]
[Date "2025.07.10"]
[Round "3.2"]
[White "De Winter, Arthur"]
[Black "Van Wely, Loek"]
[Result "1/2-1/2"]
[WhiteElo "2460"]
[BlackElo "2611"]
[EventDate "2025.07.05"]
[PlyCount "57"]

1.e4 c5 2.Nf3 d6 3.d4 cxd4 4.Nxd4 Nf6 5.Nc3 a6 6.Bc4 e6 7.Be3 Nc6 8.Bb3 
Be7 9.Nxc6 bxc6 10.g4 O-O 11.g5 Nd7 12.h4 d5 13.Qd2 Nc5 14.Bxc5 Bxc5 15.
O-O-O a5 16.h5 Bb4 17.h6 g6 18.exd5 cxd5 19.Rhg1 a4 20.Qd4 Bxc3 21.bxc3 f6
22.Bxa4 Qe7 23.Bb3 fxg5 24.Rge1 Ra7 25.Kb1 Rf4 26.Qe5 Rf5 27.Qd4 Rf4 28.
Qe5 Rf5 29.Qd4 1/2-1/2

[Event "80th NED-ch"]
[Site "Venlo NED"]
[Date "2025.07.10"]
[Round "3.3"]
[White "De Winter, Arthur"]
[Black "Van Wely, Loek"]
[Result "0-1"]
[WhiteElo "2460"]
[BlackElo "2611"]
[EventDate "2025.07.05"]
[PlyCount "62"]

1.e4 c5 2.Nf3 d6 3.d4 cxd4 4.Nxd4 Nf6 5.Nc3 a6 6.Bg5 e6 7.Qf3 Nbd7 8.O-O-O
Qc7 9.Qg3 h6 10.Bxf6 Nxf6 11.f4 h5 12.Be2 h4 13.Qf3 b5 14.e5 Bb7 15.Qe3 
Nd5 16.Nxd5 Bxd5 17.Bf3 Bxf3 18.Qxf3 Rc8 19.Kb1 dxe5 20.fxe5 Bc5 21.Qe4 
Bxd4 22.Rxd4 O-O 23.c3 Rfd8 24.Qxh4 Rxd4 25.Qxd4 Rd8 26.Qe3 Rd5 27.Re1 Qd8
28.Qe2 Rd2 29.Qe4 Rd1+ 30.Kc2 Qd2+ 31.Kb3 Rxe1 0-1

[Event "80th NED-ch"]
[Site "Venlo NED"]
[Date "2025.07.10"]
[Round "3.4"]
[White "Van Wely, Loek"]
[Black "De Winter, Arthur"]
[Result "1/2-1/2"]
[WhiteElo "2611"]
[BlackElo "2460"]
[EventDate "2025.07.05"]
[PlyCount "153"]

1.c4 e6 2.Nc3 d5 3.d4 Nf6 4.Bg5 dxc4 5.e3 c5 6.Bxc4 cxd4 7.exd4 Be7 8.Nf3 
O-O 9.O-O Nc6 10.Re1 a6 11.Bd3 b5 12.Bxf6 Bxf6 13.Be4 Bb7 14.Ne5 Rc8 15.
Rc1 Na5 16.Bxb7 Nxb7 17.Qf3 Nd6 18.Nc6 Qb6 19.Ne4 Nxe4 20.Qxe4 Rc7 21.Rc3 
Rd7 22.Rd1 g6 23.h4 Rd5 24.Qf3 Kg7 25.g3 Bxd4 26.Nxd4 Rxd4 27.Rxd4 Qxd4 
28.Qe3 Qxe3 29.Rxe3 Rc8 30.Ra3 Rc6 31.Kg2 Kf6 32.Rf3+ Ke7 33.b4 e5 34.Rd3 
Ke6 35.a3 f5 36.Rd8 Rc3 37.Rh8 h5 38.Rg8 Kf7 39.Rb8 Rxa3 40.Rb6 Ra4 41.Kf3
Rxb4 42.Rxa6 Rb3+ 43.Ke2 f4 44.gxf4 exf4 45.f3 Re3+ 46.Kf2 b4 47.Rb6 Rb3 
48.Ke2 Kg7 49.Rb7+ Kh6 50.Rb6 Rb2+ 51.Kd3 Rh2 52.Rxb4 Rxh4 53.Ke4 Kg5 54.
Rb5+ Kf6 55.Rb6+ Kg7 56.Ke5 Rh1 57.Kxf4 Ra1 58.Kg3 Ra5 59.Rb4 Kh6 60.Rb6 
Rf5 61.Ra6 Rd5 62.Rb6 Kg7 63.Ra6 g5 64.Rb6 Rd3 65.Rb5 Kf6 66.Rb6+ Ke5 67.
Rb5+ Rd5 68.Rb8 Rd6 69.Rh8 h4+ 70.Kg4 Kf6 71.Rh6+ Ke7 72.Rh7+ Kf6 73.Rh6+ 
Ke5 74.Rh5 Kf6 75.Rh6+ Ke7 76.Rh7+ Kf6 77.Rh6+ 1/2-1/2

[Event "80th NED-ch"]
[Site "Venlo NED"]
[Date "2025.07.09"]
[Round "3.1"]
[White "Van Foreest, Jorden"]
[Black "Vrolijk, Liam"]
[Result "1-0"]
[WhiteElo "2687"]
[BlackElo "2509"]
[EventDate "2025.07.05"]
[PlyCount "57"]

1.e4 e5 2.Nf3 Nc6 3.Bb5 a6 4.Ba4 Nf6 5.O-O Nxe4 6.d4 b5 7.Bb3 d5 8.dxe5 
Be6 9.c3 Be7 10.Nbd2 Nc5 11.Bc2 d4 12.Nb3 d3 13.Bb1 Nxb3 14.axb3 Bf5 15.
Re1 O-O 16.Bf4 Qd5 17.b4 Qd7 18.h3 Rfd8 19.g4 Bg6 20.Ba2 Rf8 21.e6 Qd8 22.
Bg3 Kh8 23.exf7 a5 24.Be6 a4 25.Re3 Bxf7 26.Bxf7 Rxf7 27.Qxd3 Qxd3 28.Rxd3
Raf8 29.Kg2 1-0

[Event "80th NED-ch"]
[Site "Venlo NED"]
[Date "2025.07.10"]
[Round "3.2"]
[White "Vrolijk, Liam"]
[Black "Van Foreest, Jorden"]
[Result "0-1"]
[WhiteElo "2509"]
[BlackElo "2687"]
[EventDate "2025.07.05"]
[PlyCount "76"]

1.e4 c5 2.Nf3 g6 3.c3 d5 4.e5 Bg4 5.d4 cxd4 6.cxd4 Nc6 7.Bb5 Rc8 8.O-O Qb6
9.Nc3 e6 10.Be3 Ne7 11.h3 Bxf3 12.Qxf3 Bg7 13.Bxc6+ Rxc6 14.Rfc1 O-O 15.
Na4 Qb5 16.Qd1 Rfc8 17.g4 Rxc1 18.Rxc1 Rxc1 19.Bxc1 Nc6 20.Be3 Bf8 21.b3 
Qb4 22.Qd3 Be7 23.Nc3 Bd8 24.Kg2 Bb6 25.Ne2 Kf8 26.h4 Ke8 27.h5 Qa3 28.Nc3
a6 29.hxg6 hxg6 30.Na4 Ba7 31.Qd2 Kd7 32.Kf3 b5 33.Nc5+ Bxc5 34.dxc5 Nxe5+
35.Kf4 Nc6 36.Kg5 Ke7 37.Bd4 e5 38.Qe3 Nxd4 0-1

[Event "80th NED-ch"]
[Site "Venlo NED"]
[Date "2025.07.11"]
[Round "4.1"]
[White "Van Wely, Loek"]
[Black "Van Foreest, Jorden"]
[Result "1/2-1/2"]
[WhiteElo "2611"]
[BlackElo "2687"]
[EventDate "2025.07.05"]
[PlyCount "47"]

1.c4 c5 2.Nf3 Nc6 3.d4 cxd4 4.Nxd4 Nf6 5.Nc3 e6 6.g3 Bc5 7.Nb3 Bb4 8.Bg2 
O-O 9.O-O Bxc3 10.bxc3 b6 11.c5 Ba6 12.Re1 Rc8 13.Bf4 Re8 14.Rc1 Bc4 15.
Nd2 Na5 16.cxb6 axb6 17.Bg5 d5 18.e4 dxe4 19.Rxe4 Bd5 20.Rd4 Nc6 21.Rd3 
Ne5 22.Rd4 Nc6 23.Rd3 Ne5 24.Rd4 1/2-1/2

[Event "80th NED-ch"]
[Site "Venlo NED"]
[Date "2025.07.12"]
[Round "4.2"]
[White "Van Foreest, Jorden"]
[Black "Van Wely, Loek"]
[Result "1-0"]
[WhiteElo "2687"]
[BlackElo "2611"]
[EventDate "2025.07.05"]
[PlyCount "49"]

1.e4 c5 2.Nf3 d6 3.d4 cxd4 4.Nxd4 Nf6 5.Nc3 a6 6.Be2 e6 7.f4 Be7 8.Be3 O-O
9.g4 d5 10.e5 Ne4 11.O-O Qc7 12.Bd3 Nxc3 13.bxc3 Qxc3 14.Kh1 Nc6 15.Rb1 
Na5 16.Rf3 Nc4 17.Bf2 Qa5 18.Bxh7+ Kxh7 19.Rh3+ Kg8 20.g5 g6 21.Qg4 Qa3 
22.c3 Qxa2 23.Qh4 Qxb1+ 24.Kg2 Qe4+ 25.Nf3 1-0